| 000 | 00613nam a2200205Ia 4500 | ||
|---|---|---|---|
| 003 | OSt | ||
| 008 | 170901s2012 xx 000 0 und d | ||
| 020 | _a9789381226162 | ||
| 082 |
_a664.02 _bM93F |
||
| 100 | _aD. Mridula | ||
| 245 | 0 |
_aFood Processing Technologies, Co-Product Utilization and Quality Assurance _cD. Mridula |
|
| 260 |
_aDelhi _bSatish Serial Publishing House _c2012 |
||
| 300 | _axiv., 631p. | ||
| 650 | _aChemical and Related Technologies | ||
| 650 | _aTechnology (Applied sciences) | ||
| 700 | _aManikantan, M.R | ||
| 700 | _aPatil, R.T | ||
| 700 | _aManikantan, M.R. | ||
| 942 |
_2ddc _cBK |
||
| 999 |
_c52510 _d52510 |
||